| 000 | 00337nam a2200133Ia 4500 | ||
|---|---|---|---|
| 008 | 191201s1995 xx 000 0 und d | ||
| 100 | _aSINGH, Abhay kumar | ||
| 245 | 0 | _aSolutions to Irodov's Problems in General Physics | |
| 250 | _a1st | ||
| 260 |
_aN. Delhi _bSBS pub _c1995 |
||
| 300 | _a404 | ||
| 650 | _aB.Tech(ECE) | ||
| 942 |
_2ddc _cBK |
||
| 999 |
_c663 _d663 |
||